01078nam a2200241 a 450000100100000000500170001000800410002704000250006808200270009310000400012024501320016024600440029226000700033630000200040650000640042650100600049050400560055056300620060665000440066865000560071265000240076874000440079200001590820230331073627.0100222s1981 dr 000 0 spa d aDO-SdBNPbspacBNPHU a344.729301bH557c,1981 aHernández Rueda, Lupo,d1930-201713aLa codificación del derecho del trabajo en Santo Domingo ;bDel procedimiento en materia de trabajo /cLupo Henández Rueda.13aDel procedimiento en materia de trabajo aSanto Domingo :bInstituto Nacional de Estudios Laborales,c1981. a87 p. ;c22 cm. aIncluye datos biográficos del autor en la contracubierta. aPublicado con: Del procedimiento en materia de trabajo. aIncluye bibliografía y notas al pie de páginas. aDos obras encuadernadas juntas con paginación continua. 4aDerecho laboralzRepública Dominicana 4aDerecho de los trabajadoreszRepública Dominicana 4aLegislacion laboral0 aDel procedimiento en materia de trabajo